000 00503nam a2200169Ia 4500
008 240729s9999 xx 000 0 und d
022 _a1178-6302
245 0 _aEnvironmental Health Insights
260 _aUnited Kingdom
260 _bSAGE Publishing
650 _a Environmental sciences | Medicine
650 _a Public aspects of medicine
650 _aGeography. Anthropology. Recreation
856 _uhttps://doaj.org/toc/b7806b4f72484b8fb03b779542917a2e
942 _2ddc
942 _cDOAJEJ
999 _c67808
_d67808
945 _a1
_bMadushi Gamage
_c1
_dMadushi Gamage